| 000 | 01548nam a22003017a 4500 | ||
|---|---|---|---|
| 003 | OSt | ||
| 005 | 20230503171847.0 | ||
| 008 | 221006b |||||||| |||| 00| 0 eng d | ||
| 040 | _cBiblioteca Lado V | ||
| 082 |
_a709.05 _bR643f |
||
| 100 |
_9825 _aRoberts, James _eeditor |
||
| 245 |
_aFrieze/ _bContemporary Art And Culture/ |
||
| 260 |
_bDurian Publications Ltd. _aInglaterra _c2005 |
||
| 300 |
_c23x30cm _a152p. |
||
| 366 | _eeng | ||
| 490 |
_a93 _v2005 |
||
| 505 |
_tFONT _aState of the Art Letters View from the bridge Laughter tears Informant Debate Books Film Events Technology |
||
| 505 |
_tBACK _aREVIEWS John Baldessari Folk Archive Barry McGee The Invisible Insurrection of Million Minds Enrico David Mike Bouchet Be What you want but stay where you are Rachel Harrison Dionysiac George Herold Jeff Wall Daniel Sinsel Cildo Meireles Lucio Nogueria Will Rogan Icestorn Steven Claydon Tim Hawkinson Clegg & Guttmann Jordan Baseman From the Archives |
||
| 505 | _tBACK | ||
| 650 |
_2Tesauro de Arte & Arquitectura _aARTE _9703 |
||
| 650 |
_2Tesauro de Arte & Arquitectura _aEXPOSICIONES |
||
| 650 |
_2Tesauro de Arte & Arquitectura _aCULTURA |
||
| 650 |
_2Tesauro de Arte & Arquitectura _aAPRECIACION |
||
| 650 |
_2Tesauro de Arte & Arquitectura _aTEORIA |
||
| 650 |
_2Tesauro de Arte & Arquitectura _aARTE CONTEMPORANEO |
||
| 650 |
_2Tesauro de Arte & Arquitectura _aINGLATERRA |
||
| 942 |
_2ddc _c1 _h709.05 _iR643f _n0 |
||
| 999 |
_c3555 _d3555 |
||